Capitalism <a> treatise on economics
Salvato in:
| Autore principale: | |
|---|---|
| Natura: | Libro |
| Lingua: | inglese |
| Pubblicazione: |
Ottawa
Jameson Books
1998
|
| Soggetti: | |
| Tags: |
Nessun Tag, puoi essere il primo ad aggiungerne!!
|
MARC
| LEADER | 00000nam a2200000 4500 | ||
|---|---|---|---|
| 001 | c109123 | ||
| 005 | 20221221084148.9 | ||
| 020 | |a 0-915463-73-3 | ||
| 041 | 0 | |a eng | |
| 044 | |a CA | ||
| 245 | 1 | 0 | |a Capitalism |b <a> treatise on economics |c George Reisman |
| 264 | 1 | |a Ottawa |b Jameson Books |c 1998 | |
| 300 | |a 1046 s. | ||
| 610 | 2 | 0 | |a kapitalizmus |
| 610 | 2 | 0 | |a ekonómia |
| 610 | 2 | 0 | |a blahobyt |
| 610 | 2 | 0 | |a zdroje prírodné |
| 610 | 2 | 0 | |a práca |
| 610 | 2 | 0 | |a produkcia |
| 610 | 2 | 0 | |a peniaze |
| 610 | 2 | 0 | |a nezamestnanosť |
| 610 | 2 | 0 | |a teórie ekonomické |
| 610 | 2 | 0 | |a mzdy |
| 610 | 2 | 0 | |a úspory |
| 610 | 2 | 0 | |a spotreba |
| 610 | 2 | 0 | |a investície |
| 610 | 2 | 0 | |a keynesizmus |
| 610 | 2 | 0 | |a inflácia |
| 100 | 1 | |a Reisman, George | |